| 000 | 01509nam a22003857a 4500 | ||
|---|---|---|---|
| 003 | CHAP | ||
| 005 | 20220329135506.0 | ||
| 008 | 971013s1986 r 00010 d | ||
| 010 | _a37477 | ||
| 011 | _a38449 | ||
| 035 | _a42569 | ||
| 040 | _cCHAP | ||
| 090 | _aTesis | ||
| 100 | 0 | 0 |
_aOyervides García, Arnoldo. _984484 |
| 245 | _aEstudio de la importancia económica de tres caracteres morfológicos de maíz I. efecto del número de mazorcas por plantas sobre el rendimiento económico. II. efecto de tamaño de espiga sobre el rendimiento económico. III. efecto de la posición de | ||
| 260 |
_aChapingo, Méx. : _bEl autor, _c1986 |
||
| 300 | _a151 h. | ||
| 502 | _aTesis (M. C. Esp. en Genética) -- Colegio de Postgraduados. Centro de Genética | ||
| 590 |
_aALEPH _b10 _c20130110 _lUCH01 _h1303 |
||
| 590 |
_aBATCH-UPD _b10 _c20130110 _lUCH01 _h0145 |
||
| 590 |
_aBATCH-UPD _b10 _c20130110 _lUCH01 _h0838 |
||
| 590 |
_aBATCH-UPD _b10 _c20130409 _lUCH01 _h2145 |
||
| 590 |
_aBATCH-UPD _b10 _c20130410 _lUCH01 _h0516 |
||
| 590 |
_aBATCH-UPD _b10 _c20130914 _lUCH01 _h1747 |
||
| 590 |
_aCONVERSION _b10 _c20130109 _lUCH01 _h1321 |
||
| 650 | 1 | 4 |
_aMaíz _xAspectos económicos. _970865 |
| 650 | 1 | 4 |
_aMaíz _xEspigamiento. _970948 |
| 650 | 1 | 4 |
_aMaíz _xFisiología y morfología. _970958 |
| 650 | 1 | 4 |
_aMaíz _xHojas. _970975 |
| 650 | 1 | 4 |
_aMaíz _xRendimiento. _971051 |
| 901 | _aBK | ||
| 942 | _cFOLL | ||
| 949 |
_bBC _cTES _d-97966 _eTS1 _h18091 _i42569 _si |
||
| 949 |
_bBC _cTES _d-97967 _eTS2 _fc.2 _h18092 _i42569 _si |
||
| 999 |
_c37477 _d37477 |
||